Score 0/20 Timer 02:00
0 Plays Today
Actor Missing Word % Correct
Jack NicholsonGood
94.8%
Morgan FreemanRedemption
92.8%
Morgan FreemanBaby
92.8%
Jack NicholsonEndearment
89.1%
Jack NicholsonCuckoo's
87.5%
Morgan FreemanDriving
86.1%
Marlon BrandoDesire
84.7%
Al PacinoWoman
77.6%
Al PacinoAfternoon
68.7%
Marlon BrandoParis
68.3%
Actor Missing Word % Correct
Morgan FreemanBatman
67%
Marlon BrandoJulius
65.2%
Jack NicholsonEasy
56.3%
Al PacinoTracy
51%
Marlon BrandoWaterfront
50.6%
Marlon BrandoApocalypse
46.7%
Jack NicholsonSchmidt
42.2%
Al PacinoGlengarry
41.8%
Al PacinoJustice
41.5%
Morgan FreemanSmart
10%

Today's Daily Dose

You're not logged in!

Compare scores with friends on all Sporcle quizzes.
OR
Log In

Sporcle TV

Today on Sporcle TV


Watch our educational content, quiz creation guides, and fun videos on Sporcle TV.

Show Comments

Extras

Top Quizzes Today


Score Distribution

Paid Content

Your Account Isn't Verified!

In order to create a playlist on Sporcle, you need to verify the email address you used during registration. Go to your Sporcle Settings to finish the process.

Report this User

Report this user for behavior that violates our Community Guidelines.

Details: